Macroeconomics <a> european perspective
Na minha lista:
| Autor principal: | |
|---|---|
| Outros Autores: | , |
| Formato: | Livro |
| Idioma: | inglês |
| Publicado em: |
Harlow
FT Prentice Hall/Pearson
2010
|
| Assuntos: | |
| Tags: |
Sem tags, seja o primeiro a adicionar uma tag!
|
MARC
| LEADER | 00000nam a2200000 4500 | ||
|---|---|---|---|
| 001 | 0143908 | ||
| 005 | 20240226124623.1 | ||
| 020 | |a 978-0-273-72800-9 | ||
| 041 | 0 | |a eng | |
| 044 | |a GB | ||
| 245 | 1 | 0 | |a Macroeconomics |b <a> european perspective |c Olivier Blanchard, Alessia Amighini, Francesco Giavazzi |
| 264 | 1 | |a Harlow |b FT Prentice Hall/Pearson |c 2010 | |
| 300 | |a xxiv, 586 s. |e príloha | ||
| 610 | 2 | 0 | |a makroekonomika |
| 610 | 2 | 0 | |a trh tovarový |
| 610 | 2 | 0 | |a trh výrobkov |
| 610 | 2 | 0 | |a trh finančný |
| 610 | 2 | 0 | |a modely |
| 610 | 2 | 0 | |a hospodárstvo otvorené |
| 610 | 2 | 0 | |a trh práce |
| 610 | 2 | 0 | |a nezamestnanosť |
| 610 | 2 | 0 | |a Phillipsova krivka |
| 610 | 2 | 0 | |a inflácia |
| 610 | 2 | 0 | |a rast hospodársky |
| 610 | 2 | 0 | |a úspory |
| 610 | 2 | 0 | |a technológie nové |
| 610 | 2 | 0 | |a spotreba |
| 610 | 2 | 0 | |a investovanie |
| 610 | 2 | 0 | |a kurz výmenný |
| 610 | 2 | 0 | |a politika hospodárska |
| 610 | 2 | 0 | |a politika menová |
| 610 | 2 | 0 | |a politika fiškálna |
| 610 | 2 | 0 | |a integrácia ekonomická medzinárodná |
| 610 | 2 | 0 | |a integrácia menová |
| 610 | 2 | 0 | |a euro |
| 610 | 2 | 0 | |a ekonometria |
| 100 | 1 | |a Blanchard, Olivier | |
| 700 | 1 | |a Amighini, Alessia | |
| 700 | 1 | |a Giavazzi, Francesco | |